00409nam a2200145Ia 4500003000400000008004100004040001600045082001900061100001900080245008600099260004500185300001000230650001300240650001000253GCL140319s9999 xx 000 0 eng d aGCL / cGCL04a624.17762bB N1 aGABAY, MICHELE10aNON - LINEAR DYNAMIC PROBLEMS FOR COMPOSITE CYLINDRICAL SHELLS / cGABAY, MICHELE a[S.N] : bABT AKVERT SKIRA S.A ، c1993 a295 P04aDYNAMICS04aSHELL